| 000 | 00772cam a22002533a 4500 | ||
|---|---|---|---|
| 001 | 22293 | ||
| 003 | PGUSA | ||
| 005 | 20140828083456.0 | ||
| 008 | 070810s2007||||xxu|||||s|||||000 1 eng d | ||
| 040 |
_aPGUSA _beng |
||
| 042 | _adc | ||
| 050 | 4 | _aPZ | |
| 100 | 1 |
_aRichards, Laura Elizabeth Howe, _d1850-1943 |
|
| 245 | 1 | 0 |
_aThree Margarets _h[electronic resource] / _cLaura Elizabeth Howe Richards |
| 260 |
_bProject Gutenberg, _c2007 |
||
| 506 | _aPublic domain in the USA. | ||
| 516 | _aElectronic text | ||
| 653 | _aCousins -- Juvenile fiction | ||
| 653 | _aYoung women -- Juvenile fiction | ||
| 700 | 1 |
_aBarry, Etheldred B. _q(Etheldred Breeze), _d1870- |
|
| 830 | 0 |
_aProject Gutenberg _v22293 |
|
| 856 | 4 | 0 | _uhttp://www.gutenberg.org/ebooks/22293 |
| 942 | _cEB | ||
| 999 |
_c251548 _d251548 |
||